| 000 | 01848nam a2200541 i 4500 | ||
|---|---|---|---|
| 001 | 45299 | ||
| 003 | KOSZ 005 | ||
| 005 | 20200724141626.0 | ||
| 008 | 040120s2003 pl a f |000 0 pol | ||
| 015 | _aUWD 2004/1657 | ||
| 020 | _a838921802X | ||
| 035 | _a991022275639705066 | ||
| 035 | _a(PL-WaBN)b16009629-48omnis_nlop | ||
| 035 | _ab16009629 | ||
| 035 | _a(OCoLC)749333546 | ||
| 035 | _a(PL)b0000001600962 | ||
| 035 | _a(EXLNZ-48OMNIS_NETWORK)9910211161805606 | ||
| 040 |
_aWA N _cWA N _dKOSZ 005/HR |
||
| 041 | 0 | _apol | |
| 046 | _k2003 | ||
| 080 | _a339.166.82(4-67) | ||
| 080 | _a339.166.82(438) | ||
| 080 | _a637.1(4-67) | ||
| 080 | _a637.1(438) | ||
| 100 | 1 |
_aGrochowska, Renata _c(zootechnik) _eAutor |
|
| 245 | 1 | 0 |
_aWspólna Organizacja Rynku Mleka i Produktów Mlecznych w Unii Europejskiej : _bzasady i mechanizmy działania / _cRenata Grochowska ; [Urząd Komitetu Integracji Europejskiej]. |
| 260 |
_aWarszawa : _bUKIE, _c2003. |
||
| 300 |
_a68, [3] s. : _btab. ; _c24 cm. |
||
| 336 |
_aTekst _btxt _2rdacontent |
||
| 337 |
_aBez urządzenia pośredniczącego _bn _2rdamedia |
||
| 338 |
_aWolumin _bnc _2rdacarrier |
||
| 380 | _aKsiążki | ||
| 388 | _a2001- | ||
| 490 | 1 |
_aBiblioteka Europejska _v27 |
|
| 504 | _aWykaz aktów prawnych s. 54-58. | ||
| 610 | 2 | 7 |
_aUnia Europejska (UE) _2DBN |
| 650 | 7 |
_aMleko _2DBN |
|
| 650 | 7 |
_aProdukty mleczne _2DBN |
|
| 650 | 7 | _aRynek produktów rolnych | |
| 650 | 7 |
_aWspólna Polityka Rolna UE _2DBN |
|
| 651 | 7 |
_aPolska _2DBN |
|
| 651 | 7 | _aKraje Unii Europejskiej | |
| 658 | _aRolnictwo i leśnictwo | ||
| 830 | 0 |
_aBiblioteka Europejska _v27 |
|
| 856 |
_uhttp://koha.tu.koszalin.pl/cgi-bin/koha/opac-detail.pl?biblionumber=45299 _yKatalog online BPK |
||
| 942 |
_2UKD _cKS |
||
| 999 |
_c45299 _d45299 |
||